000
00301nam a22001337a 4500
008
170526b xxu||||| |||| 00| 0 eng d
020
_a
0824789166
041
_a
eng
080
_a
621.38
100
_a
25
101
_a
IN
245
_a
HANDBOOK OF ELECTRIC MOTORS
_c
ENGELMAN.R.H
942
_2
udc
_c
BK
999
_c
14385
_d
14385